Finaliści Ligi Europy w XXI wieku - Statystyki

Ogólne statystyki
  • Ten quiz został rozwiązany 890 razy
  • Średni wynik to 15 z 20
Statystyki odpowiedzi
Hint Odpowiedź % Poprawnych
2013/14 Sevilla
96%
2014/15 Sevilla
96%
2015/16 Sevilla
96%
2012/13 Chelsea
94%
2018/19 Chelsea
94%
2016/17 Manchester United
92%
2018/19 Arsenal
88%
2009/10 Atletico Madryt
87%
2011/12 Atletico Madryt
87%
2017/18 Ateltico Madryt
86%
2015/16 Liverpool
74%
2016/17 Ajax Amsterdam
70%
2010/11 FC Porto
68%
2013/13 Benfica Lizbona
66%
2013/14 Benfica Lizbona
66%
2014/15 Dnipro
58%
2017/18 Olympique Marsylia
58%
2010/11 SC Braga
29%
2011/12 Athletic Bilbao
28%
2009/10 Fulham
23%
Nie znaleziono quizów pasujących do podanych kryteriów
Rozkład punktacji
Procent ludzi z każdym wynikiem
Percentyl według liczby udzielonych odpowiedzi
Twoja historia wyników
Nie rozwiązałeś tego quizu